000 00628nam a2200181Ia 4500
008 151018s9999 xx 000 0 und d
082 _bRBASDV7235
_a891.464
100 _aराजा मंगळवेढेकर
245 _aकथा आणि कथाकथन
250 _b1
260 _bसाधना प्रकाशन पुणे
_c1971
300 _a230
600 _aराजा मंगळवेढेकर
630 _aकथा आणि कथाकथन
700 _aराजा मंगळवेढेकर
730 _aकथा आणि कथाकथन
942 _cBOOK
999 _c1009604
_d1009601